00965nam a22002297a 4500003000400000005001700004008004100021020001500062040000900077245023600086260005400322300001100376490002800387500010800415650003600523650004500559650002700604700002500631700002000656700001900676710004000695OSt20151016140002.0130524s1994 sp ||||| |||| 00| 0 spa d a8425909562 cCDMR03aLa cláusula de conciencia y el secreto profesional de los periodistasb: debate celebrado en el Centro de Estudios Constitucionales [...]cPonentes, Javier Pérez Royo i Javier Pradera ; participantes, Marc Carrillo ... [et al.] aMadridbCentro de Estudios Constitucionalesc1994 a133 p.0 aCuadernos y Debatesv48 aTranscripció del debat celebrat al Centro de Estudios constitucionales de Madrid, 24 de gener de 199404aSecret professionalxPeriodisme04aPeriodismexDret i legislaciózEspanya04aÈtica periodística1 aPérez Royo, Javier1 aPradera, Javier1 aCarrillo, Marc2 aCentro de Estudios Constitucionales